00205nam a22000857a 4500008004100000082001100041245004200052300001000094440001500104180801b xxu||||| |||| 00| 0 eng d a813.52 aUnderstanding childhood cancercSavvy a1fCD x0968727611